Name all NASCAR 2022 drivers! - Statistics

General Stats
  • This quiz has been taken 69 times
  • The average score is 37 of 60
Answer Stats
Hint Answer % Correct
18 Busch
89%
45 Busch
89%
4 Harvick
89%
5 Larson
89%
12 Blaney
87%
24 Byron
87%
2 Cindric
87%
3 Dillon
87%
42 Dillon
87%
11 Hamlin
87%
6 Keselowski
84%
22 Logano
84%
23 Wallace
84%
20 Bell
82%
48 Bowman
82%
1 Chastain
82%
19 Truex Jr
82%
9 Elliott
79%
99 Suarez
79%
17 Buescher
76%
7 Lajoie
76%
8 Reddick
76%
16 Allmendinger
74%
14 Briscoe
74%
43 Jones
74%
23 Gibbs
71%
34 McDowell
71%
51 Ware
71%
10 Almirola
68%
62 Gragson
68%
21 Burton
66%
38 Gilliland
66%
41 Custer
63%
31 Haley
63%
78 Mcleod
63%
47 Stenhouse Jr
63%
33 Hill
61%
55 Yeley
61%
50 Grala
58%
17 Smith
55%
44 Biffle
53%
91 Raikkonen
50%
77 Bilicki
47%
16 Hemric
47%
27 Hezemans
45%
26 Kvyat
45%
15 Preece
45%
50 Daly
39%
77 Cassill
37%
27 Villeneuve
37%
15 Hand
29%
62 Allgaier
26%
15 Ragan
26%
66 Said
24%
78 Lally
21%
77 Rockenfeller
21%
78 Tilley
16%
78 Williams
16%
78 Heckert
13%
15 Kligerman
11%
No matching quizzes found
Score Distribution
Percent of People with Each Score
Percentile by Number Answered
Your Score History
You have not taken this quiz